English in a nutshell / (Record no. 291773)
[ view plain ]
| 000 -LEADER | |
|---|---|
| fixed length control field | 00647nam a2200241Ia 4500 |
| 008 - FIXED-LENGTH DATA ELEMENTS--GENERAL INFORMATION | |
| fixed length control field | 160319s9999 xx 000 0 und d |
| 020 ## - INTERNATIONAL STANDARD BOOK NUMBER | |
| International Standard Book Number | 971-10-060-1-4 |
| 050 ## - LIBRARY OF CONGRESS CALL NUMBER | |
| Classification number | FIL PE 1128.A2 |
| 050 ## - LIBRARY OF CONGRESS CALL NUMBER | |
| Item number | .E33 2008 |
| 100 ## - MAIN ENTRY--PERSONAL NAME | |
| Personal name | Edades, Jean G. |
| 245 ## - TITLE STATEMENT | |
| Title | English in a nutshell / |
| 245 ## - TITLE STATEMENT | |
| Statement of responsibility, etc | Jean G. Edades. |
| 250 ## - EDITION STATEMENT | |
| Edition statement | Revised Edition |
| 260 ## - PUBLICATION, DISTRIBUTION, ETC. (IMPRINT) | |
| Place of publication, distribution, etc | Quezon City: |
| 260 ## - PUBLICATION, DISTRIBUTION, ETC. (IMPRINT) | |
| Name of publisher, distributor, etc | New Day Pub., |
| 260 ## - PUBLICATION, DISTRIBUTION, ETC. (IMPRINT) | |
| Date of publication, distribution, etc | 2008 |
| 300 ## - PHYSICAL DESCRIPTION | |
| Extent | 99 pages : |
| 300 ## - PHYSICAL DESCRIPTION | |
| Other physical details | illustrations ; |
| 300 ## - PHYSICAL DESCRIPTION | |
| Dimensions | 18 cm. |
| 650 ## - SUBJECT ADDED ENTRY--TOPICAL TERM | |
| Topical term or geographic name as entry element | English language -- Pronunciation. |
| 650 ## - SUBJECT ADDED ENTRY--TOPICAL TERM | |
| Topical term or geographic name as entry element | English language -- Study and teaching. |
| 650 ## - SUBJECT ADDED ENTRY--TOPICAL TERM | |
| General subdivision | English language -- Idioms. |
| Withdrawn status | Lost status | Damaged status | Home library | Current library | Shelving location | Date acquired | Cost, normal purchase price | Total Checkouts | Full call number | Barcode | Date last seen | Price effective from | Koha item type |
|---|---|---|---|---|---|---|---|---|---|---|---|---|---|
| South Mansfield College | South Mansfield College | Filipiniana Section | 02/14/2011 | 398.00 | FIL PE 1128.A2 .E33 2008 | SMC05500 | 03/19/2016 | 03/19/2016 |